[Event "Pinar del Rio Province-ch fin 1st Cat"]
[Site "Pinar del Rio"]
[Date "2010.10.30"]
[Round "4"]
[White "Diaz Perez, Jose David"]
[Black "Reyes Santacruz, Lazaro Emel"]
[Result "1-0"]
[WhiteElo "2197"]
[BlackElo "2075"]
[PlyCount "89"]
[EventDate "2010.10.27"]
[EventType "tourn"]
[EventRounds "11"]
[EventCountry "CUB"]
[SourceTitle "EXT 2019"]
[Source "ChessBase"]
[SourceDate "2018.10.10"]
[SourceVersion "1"]
[SourceVersionDate "2018.10.10"]
[SourceQuality "1"]

1. d4 d5 2. Nf3 c6 3. c4 dxc4 4. e3 b5 5. a4 e6 6. b3 Bb4+ 7. Bd2 Bxd2+ 8. Nfxd2 a5 9. bxc4 b4 10. Nb3 Ne7 11. N1d2 0-0 12. Qh5 Nd7 13. Bd3 g6 14. Qg5 f6 15. Qg3 e5 16. 0-0 c5 17. Be4 Ra7 18. dxc5 Qc7 19. Bd5+ Kg7 20. Ne4 h6 21. Rfd1 Ba6 22. Rac1 Bc8 23. Nd6 Nxc5 24. Nb5 Nxb3 25. Nxc7 Nxc1 26. Rxc1 Rxc7 27. e4 Bd7 28. f4 Nc6 29. Bxc6 Bxc6 30. fxe5 Re7 31. exf6+ Rxf6 32. Rf1 Rxf1+ 33. Kxf1 Bxe4 34. c5 Bc6 35. Qd6 Rf7+ 36. Ke2 Bxa4 37. c6 Bxc6 38. Qxc6 h5 39. h3 Rf5 40. Qb6 Kf7 41. g3 Re5+ 42. Kf3 Rf5+ 43. Ke4 Kg7 44. g4 hxg4 45. hxg4 1-0

[Event "San Nicolas de Bari-B"]
[Site "San Nicolas de Bari"]
[Date "2009.11.28"]
[Round "5"]
[White "Fuentes Dominguez, Felix"]
[Black "Diaz Perez, Jose David"]
[Result "1-0"]
[WhiteElo "2239"]
[BlackElo "2200"]
[PlyCount "83"]
[EventDate "2009.11.24"]
[EventType "tourn"]
[EventRounds "7"]
[EventCountry "CUB"]
[EventCategory "2"]
[SourceTitle "CBM 133 Extra"]
[Source "ChessBase"]
[SourceDate "2010.01.05"]
[SourceVersion "1"]
[SourceVersionDate "2010.01.05"]
[SourceQuality "1"]

1. c4 Nf6 2. Nc3 g6 3. e4 d6 4. d4 Bg7 5. Nf3 0-0 6. Be2 e5 7. 0-0 Nc6 8. d5 Ne7 9. Ne1 Nd7 10. Nd3 f5 11. exf5 Nxf5 12. Re1 Nd4 13. Bg4 Nf6 14. Bxc8 Qxc8 15. Be3 Nf5 16. Bg5 Nh5 17. Ne4 h6 18. Be3 Nd4 19. Rc1 Qd7 20. Qd2 Kh7 21. Bxd4 exd4 22. Re2 Nf6 23. Rce1 Nxe4 24. Rxe4 Rae8 25. Re6 Rxe6 26. dxe6 Qe7 27. g3 c6 28. Qe2 Re8 29. Qe4 Qf6 30. Kg2 Re7 31. g4 Qg5 32. h3 h5 33. f4 d5 34. Qe2 Qf6 35. cxd5 cxd5 36. gxh5 g5 37. Qg4 gxf4 38. Nxf4 d3 39. Nxd5 Qxb2+ 40. Kh1 d2 41. Rg1 Qd4 42. Nxe7 1-0

[Event "CUB-ch sf"]
[Site "Villa Clara"]
[Date "1995.??.??"]
[Round "7"]
[White "Diaz Perez, Jose David"]
[Black "Blanco Fernandez, Alvaro"]
[Result "1-0"]
[WhiteElo "2230"]
[BlackElo "2450"]
[PlyCount "133"]
[EventDate "1995.??.??"]
[EventType "swiss"]
[EventRounds "9"]
[EventCountry "CUB"]
[SourceTitle "EXT 1997"]
[Source "ChessBase"]
[SourceDate "1996.11.15"]
[SourceVersion "1"]
[SourceVersionDate "1996.11.15"]
[SourceQuality "1"]

1. e4 c5 2. Ne2 e6 3. Nbc3 a6 4. g3 Nc6 5. Bg2 b5 6. 0-0 Bb7 7. d3 d6 8. f4 Be7 9. h3 h5 10. Be3 Qc7 11. f5 b4 12. fxe6 fxe6 13. Nb1 e5 14. Nd2 Nf6 15. Kh1 Bc8 16. a3 bxa3 17. Rxa3 Be6 18. Nf3 Nh7 19. Nc3 Nb4 20. Nd2 Qd7 21. Kh2 Nf6 22. Nc4 Rb8 23. Qd2 0-0 24. Raa1 Nh7 25. Nd5 Nxd5 26. exd5 Bf7 27. Rxa6 Nf6 28. Bg5 Ne8 29. Rfa1 Qd8 30. Bxe7 Qxe7 31. Ra7 Rb7 32. R7a6 Rd7 33. Nb6 Rb7 34. Nc4 h4 35. g4 Bg6 36. Ra8 Kh7 37. Rf1 Rxf1 38. Bxf1 Nc7 39. Ra1 Nb5 40. Bg2 Rb8 41. Rf1 Rf8 42. Rxf8 Qxf8 43. c3 Nc7 44. Qe3 Ne8 45. Nd2 Kg8 46. Be4 Bf7 47. Nf3 Nf6 48. c4 Qb8 49. Qe2 Qd8 50. Bf5 g6 51. Be4 Kg7 52. Qd2 Be8 53. Kg2 Nh7 54. b4 cxb4 55. Qxb4 Ng5 56. Qd2 Nxf3 57. Bxf3 Qf6 58. g5 Qe7 59. Bg4 Ba4 60. Qe3 Bc2 61. Qf2 Bxd3 62. Qxh4 Kf7 63. Be6+ Ke8 64. Qh8+ Qf8 65. Bd7+ Ke7 66. Qxf8+ Kxf8 67. Bb5 1-0

[Event "CUB-ch sf"]
[Site "Villa Clara"]
[Date "1995.??.??"]
[Round "1"]
[White "Diaz Perez, Jose David"]
[Black "Pecorelli Garcia, Humberto"]
[Result "1-0"]
[WhiteElo "2230"]
[BlackElo "2400"]
[PlyCount "85"]
[EventDate "1995.??.??"]
[EventType "swiss"]
[EventRounds "9"]
[EventCountry "CUB"]
[SourceTitle "EXT 1997"]
[Source "ChessBase"]
[SourceDate "1996.11.15"]
[SourceVersion "1"]
[SourceVersionDate "1996.11.15"]
[SourceQuality "1"]

1. e4 e6 2. d3 d5 3. Nd2 Nf6 4. Ngf3 Nc6 5. c3 a5 6. a4 e5 7. Be2 Be7 8. 0-0 0-0 9. h3 Re8 10. Qc2 b6 11. Rd1 Ba6 12. Bf1 Bf8 13. d4 Bxf1 14. Kxf1 exd4 15. e5 Nxe5 16. Nxd4 Qc8 17. Kg1 g6 18. Nf1 Qa6 19. Bf4 Rac8 20. Ne3 c6 21. g4 Qa8 22. b3 c5 23. Bxe5 Rxe5 24. Nf3 Ree8 25. Qd3 Rcd8 26. Ng2 c4 27. Qc2 Ne4 28. Rab1 Bc5 29. Nd4 cxb3 30. Rxb3 Ng5 31. Qd3 Ne6 32. Qd2 Qc8 33. Kh1 Nxd4 34. cxd4 Bb4 35. Qf4 Qc2 36. Rdd3 Re4 37. Qf3 Qe2 38. Rd1 Qa2 39. Re3 Qxa4 40. Rc1 Rxd4 41. Qf6 Rd1+ 42. Kh2 Rd6 43. Rc8+ 1-0

[Event "CUB-ch sf"]
[Site "Villa Clara"]
[Date "1995.??.??"]
[Round "6"]
[White "Sieiro Gonzalez, Luis"]
[Black "Diaz Perez, Jose David"]
[Result "1-0"]
[WhiteElo "2380"]
[BlackElo "2230"]
[PlyCount "51"]
[EventDate "1995.??.??"]
[EventType "swiss"]
[EventRounds "9"]
[EventCountry "CUB"]
[SourceTitle "EXT 1997"]
[Source "ChessBase"]
[SourceDate "1996.11.15"]
[SourceVersion "1"]
[SourceVersionDate "1996.11.15"]
[SourceQuality "1"]

1. d4 Nf6 2. Nf3 g6 3. Bf4 Bg7 4. e3 0-0 5. h3 d6 6. Be2 Nbd7 7. Bh2 c5 8. c3 a6 9. Nbd2 cxd4 10. exd4 b5 11. a4 bxa4 12. Qxa4 a5 13. 0-0 Nb6 14. Qa3 Nfd5 15. Rfd1 Bf5 16. Nb3 a4 17. Nbd2 Bh6 18. c4 Nf4 19. Bf1 Bd7 20. c5 dxc5 21. dxc5 Nbd5 22. Nc4 e6 23. Nce5 Be8 24. Ng4 Bg5 25. h4 f5 26. Nxg5 1-0

[Event "Hermanos Saiz"]
[Site "Hermanos Saiz"]
[Date "1992.??.??"]
[Round "?"]
[White "Otero, Evelio"]
[Black "Diaz Perez, Jose David"]
[Result "1/2-1/2"]
[WhiteElo "2365"]
[BlackElo "2275"]
[PlyCount "86"]
[EventDate "1992.??.??"]
[EventType "tourn"]
[EventRounds "14"]
[EventCountry "CUB"]
[SourceTitle "EXT 1998"]
[Source "ChessBase"]
[SourceDate "1997.11.17"]
[SourceVersion "1"]
[SourceVersionDate "1997.11.17"]
[SourceQuality "1"]

1. d4 Nf6 2. Nf3 g6 3. c4 Bg7 4. Nc3 0-0 5. e4 d6 6. Be2 e5 7. 0-0 Nc6 8. Be3 Re8 9. dxe5 dxe5 10. h3 Nd7 11. c5 Nf8 12. Qxd8 Rxd8 13. Nd5 Ne6 14. Ng5 Ncd4 15. Bg4 f5 16. Nxe6 Bxe6 17. Nxc7 fxg4 18. Bxd4 Bd7 19. Be3 Rab8 20. hxg4 Bxg4 21. f3 Bd7 22. Rfd1 Bf6 23. Nd5 Kf7 24. Rd2 Bc6 25. Rad1 h5 26. Kf2 Rbc8 27. Nxf6 Rxd2+ 28. Rxd2 Kxf6 29. Rd6+ Kf7 30. Kg3 Re8 31. Kh4 Re6 32. Rd1 Re7 33. Kg5 Rd7 34. Re1 Rd3 35. g3 a5 36. g4 hxg4 37. Kxg4 Bd7+ 38. Kg3 a4 39. Bg5 Be6 40. Rh1 Kg7 41. Be7 Bd7 42. Bd6 Kf6 43. Rh7 Bc6 1/2-1/2